Responses for show #1299 - Thursday, April 5, 1990

Contestants

Kathy Fuller, a graduate student from Baltimore, Maryland

Tom Berg, a lawyer from Chicago, Illinois

Joel Goldberg, a CPA and financial officer from Fort Lee, New Jersey (whose 3-day cash winnings total $25,202)

Jeopardy! Round responses

SOCIAL SCIENCE
THEATER
LEFTOVERS
FICTIONAL INDIANS
FIRST AID
HISTORY
    $100 18
a kangaroo court

Joel
    $100 13
(Joel: What is a Tony Award?)

a Pulitzer Prize

JoelTom
    $100 11
a skunk

Joel
    $100 12
Injun Joe

Tom
    $100 6
a cut (bleeding)

Kathy
    $100 1
Catherine

Joel
    $200 23
pygmies

Joel
    $200 14
Moscow

Triple Stumper
    $200 27
John Henry

Kathy
    $200 19
(James Fenimore) Cooper

Joel
    $200 7
first

Joel
    $200 2
Billy the Kid

Joel
    $1,000 24
(Alex: That's right, and we have less than a minute to go.)

the pecking order

Joel
    $300 15
The Wiz

Kathy
    $300 28
(End-of-round signal sounds.)

Grant or Eisenhower

Triple Stumper
    $300 20
Princess Summerfallwinterspring

Triple Stumper
    $300 8
(Kathy: What is [*]?)
(Alex: Right. On their back.)

lying flat on the ground with their head back

Kathy
    $300 3
the Moors

Triple Stumper
    $400 25
the eldest son

Tom
    $400 16
(Joel: Who is Eugene O'Neill?)

Tennessee Williams

Joel
Triple Stumper
    $400 21
Burt Reynolds

Tom
    $400 9
the nose

Joel
    $400 4
(Sir Alexander) Fleming

Tom
    $500 26
misanthropy

Tom
    $500 17
Ghosts

Tom
    $500 22
Red Ryder

Triple Stumper
    $500 10
the pupils

Kathy
    $500 5
Augustus (Octavius)

Kathy

Scores at the first commercial break (after clue 14):

Joel Tom Kathy
$900 $600 $1,400

Scores at the end of the Jeopardy! Round:

Joel Tom Kathy
$2,000 $2,400 $1,900

Double Jeopardy! Round responses

WORLD LITERATURE
WYOMING
6-LETTER WORDS
ROCKS & MINERALS
SINGERS
HERSTORY
    $200 11
Les Misérables

Tom
    $200 16
(Tom: What is Casper?)

Cheyenne

JoelTom
    $200 22
timber

Joel
    $200 15
marble

Joel
    $200 6
Tennessee Ernie Ford & Glen Campbell

Kathy
    $200 1
the women's suffrage amendment (the 19th)

Joel
    $400 12
the Holy Grail

Tom
    $400 17
Teapot Dome

Tom
    $400 23
Bengal

Joel
    $400 21
shale

Joel
    $400 7
(Tom: Who is Bridgette Nelson?)

Birgit Nilsson

Tom
Triple Stumper
    $400 2
Joan of Arc

Kathy
    $600 13
(Kathy: What is law?)

song

Kathy
Triple Stumper
    $600 18
the deer and the antelope

Joel
    $600 24
(Alex: They pick up the phone and say [*]. Less than a minute to go, Joel.)

pronto

Triple Stumper
    $600 25
plaster of Paris

Triple Stumper
    $600 8
Paul McCartney

Tom
    $600 3
the Civil War

Kathy
    $800 14
a fox

Joel
    $800 19
Cody

Joel
    $800 27
[The end-of-round signal sounds.]

a teller

Kathy
    $800 26
pumice

Triple Stumper
    $1,500 9
(Tom: Who is George Michael?)

Donny Osmond

Tom
    $1,500 4
(Kathy: Who is Helen Gahagan?)

Margaret Chase Smith

Kathy
    $1000 20
Grand Teton National Park

Joel
    $1000 10
Dorothy Dandridge

Triple Stumper
    $1000 5
Maria Theresa

Tom

Scores at the end of the Double Jeopardy! Round:

Joel Tom Kathy
$6,800 $2,900 $1,800
(lock game)

[wagering suggestions for these scores]

Final Jeopardy! Round responses

CANADA
KathyWhat is Newfoundland?
$1,800
TomWhat is Newfoundland
$2,900
JoelWhat was Newfoundland
$999
Newfoundland

Final scores:

Joel Tom Kathy
$7,799 $5,800 $3,600
4-day champion: $33,001 + Jeopardy! box or computer game 2nd place: a trip for two to Orlando on Delta Airlines + Jeopardy! box or computer game 3rd place: a Lloyd Flanders wicker chair, love seat & end table + Jeopardy! box or computer game

Game dynamics:

Coryat scores:

Joel Tom Kathy
$6,100 $4,400 $3,300
19 R
(including 1 DD),
2 W
12 R,
3 W
(including 1 DD)
10 R,
2 W
(including 1 DD)

Combined Coryat: $13,800

The J! Archive is created by fans, for fans. The Jeopardy! game show and all elements thereof, including but not limited to copyright and trademark thereto, are the property of Jeopardy Productions, Inc. and are protected under law. This website is not affiliated with, sponsored by, or operated by Jeopardy Productions, Inc. Join the discussion at JBoard.tv.